Constructive change in Latin America
Gespeichert in:
| 1. Verfasser: | |
|---|---|
| Format: | Buch |
| Sprache: | Englisch |
| Veröffentlicht: |
Nueva York
University of Pittsburgh Press
1968
|
| Schlagworte: | |
| Tags: |
Tag hinzufügen
Keine Tags, Fügen Sie den ersten Tag hinzu!
|
MARC
| LEADER | 00000nam a2200000 a 4500 | ||
|---|---|---|---|
| 001 | UCI5342 | ||
| 003 | CL-VaPUC | ||
| 008 | 080320e19680000US |||||||||||||||||eng|d | ||
| 082 | 0 | 4 | |a 303.98 |b BLA |2 21 |
| 100 | 0 | |a Blasier, Cole |e author |9 527657 | |
| 245 | 1 | 0 | |a Constructive change in Latin America |
| 300 | |a 243 p | ||
| 942 | |c BK | ||
| 945 | |d 20080320 00:00:00 |a jtorresc | ||
| 260 | |a Nueva York |b University of Pittsburgh Press |c 1968 | ||
| 650 | 0 | |a Cambio cultural |9 338163 | |
| 650 | 0 | |a Desarrollo cultural |9 267526 | |
| 650 | 0 | |a Cambio social |9 256857 | |
| 650 | 0 | |a Integración económica |9 255024 | |
| 651 | 0 | |a América Latina |9 255027 | |
| 583 | |a last modification |c 20080320 00:00:00 |k Rodrigo Vera | ||
| 999 | |c 329095 |d 329093 | ||
| 952 | |0 0 |1 0 |4 0 |6 303_980000000000000_BLA_1968 |7 0 |8 A |9 413417 |a BIBHIS |b BIBHIS |d 2019-11-22 |i 4416724 |o 303.98 BLA 1968 |p 4416724 |r 2025-01-20 |w 2019-11-22 |y BK |k HIS | ||